|
|
|
|
| LEADER |
00915pam a22002538a 4500 |
| 001 |
00034736 |
| 005 |
20200304100332.0 |
| 008 |
161019s2015 ||||||Viesd |
| 020 |
# |
# |
|a 978 604 57 1065 4
|c 95000
|
| 041 |
0 |
# |
|a Vie
|
| 082 |
1 |
4 |
|a 782.421 6
|b S406GI
|
| 100 |
1 |
# |
|a Huỳnh, Công Tín
|
| 245 |
1 |
0 |
|a Soạn giả Viễn Châu 100 bài vọng cổ đạc sắc
|c Huỳnh Công Tín
|
| 260 |
# |
# |
|a Hà Nội
|b Chính trị Quốc gia- Sự thật
|c 2015
|
| 300 |
# |
# |
|a 392 tr.
|c 19 cm.
|
| 653 |
# |
# |
|a Bài ca cổ
|
| 653 |
# |
# |
|a Vọng cổ
|
| 653 |
# |
# |
|a Việt Nam
|
| 653 |
# |
# |
|a Ca nhạc cổ truyền
|
| 852 |
# |
# |
|j KM.0019649
|j KD.0018556
|j KM.0019126
|j KM.0019648
|
| 852 |
# |
# |
|b Kho đọc
|j KD.0018556
|
| 852 |
# |
# |
|b Kho mượn
|j KM.0019126, KM.0019648, KM.0019649
|
| 910 |
# |
# |
|d 19/10/2016
|
| 980 |
# |
# |
|a Trung tâm Học liệu Lê Vũ Hùng, Trường Đại học Đồng Tháp
|